000 00474cam a2200157 4500500
005 20260329003329.0
041 _afre
042 _adc
100 1 0 _aGoron, Gaëtan
_eauthor
245 0 0 _aMots croisés #13
260 _c2015.
500 _a95
690 _aMots croisés
786 0 _nPhilosophie magazine | 90 | 6 | 2015-06-01 | p. 75-75 | 1951-1787
856 4 1 _uhttps://shs.cairn.info/magazine-philosophie-magazine-2015-6-page-75?lang=fr&redirect-ssocas=7080
999 _c1823601
_d1823601